Star Wars Quiz - Statistics

General Stats
  • This quiz has been taken 12 times
  • The average score is 12 of 26
Answer Stats
Hint Answer % Correct
What is the Mandalorian's name? Din Djarin
100%
Who established the "Rule of Two" Darth Bane
80%
What rank is Wilhuff Tarkin? Grand Moff
80%
What does ARC Trooper stand for? Advanced Recon Commando
60%
Who is the droid belonging to the above? B2EMO
60%
Which Sith lord was the master of Darth Plagueis? Darth Tenebrous
60%
Who is the archeologist that worked for Darth Vader and traveled with the droids Triple-Zero and Beetee? Dr. Aphra
60%
What is the name of Cassian Andor's adoptive mother? Maarva
60%
Which Jedi holds the rank "Master of the Order" during the clone wars? Mace Windu
60%
On which planet is the Sith temple that appears in finale of Rebels season two? Malachor
60%
What is Thrawn's full name? Mitth'raw'nuruodo
60%
Who leads Delta Squad? Boss
40%
Who served as Thrawn's translator and aide? Eli Vanto
40%
What does the acronym "IGBC" stand for? Intergalactic Banking Clan
40%
Which clone commander worked with Crosshair on Barton-4? Mayday
40%
Which planet is also known as "Korriban"? Moraband
40%
What class of shuttle is the Marauder (Bad Batch Shuttle)? Omicron
40%
What species is Greedo? Rodian
40%
What is the name of Cad Bane's droid? Todo 360
40%
On which planet was Grogu captured by Dark Troopers? Tython
40%
What droid accompanies the bounty hunter Zuckuss? 4-Lom
20%
Which ancient Sith lord helped design Darth Vader's fortress on Mustafar? Darth Momin
20%
What is Darth Plagueis's real name? Hego Damask II
20%
Who was the Eye of the Nihil? Marchion Ro
20%
What is the name of the admiral that led the rebel forces at the battle of Scarif? Raddus
20%
What corporation produces TIE fighters? Sienar Fleet Systems
20%
No matching quizzes found
Score Distribution
Percent of People with Each Score
Percentile by Number Answered
Your Score History
You have not taken this quiz